Najludniejsze państwa na każdym kontynencie. - Statystyki

Ogólne statystyki
  • Ten quiz został rozwiązany 808 razy
  • Średni wynik to 25 z 30
Statystyki odpowiedzi
Kontenent Kraj % Poprawnych
Azja Chiny
99%
Francja
99%
Europa Rosja
99%
Niemcy
98%
Ameryka Północna Stany Zjednoczone
97%
Ameryka Południowa Brazylia
96%
Indie
96%
Kanada
96%
Australia i Oceania Australia
95%
Meksyk
95%
Argentyna
94%
Włochy
94%
Wielka Brytania
92%
Nowa Zelandia
91%
Republika Południowej Afryki
89%
Kolumbia
87%
Egipt
86%
Indonezja
86%
Peru
86%
Wenezuela
82%
Afryka Nigeria
81%
Kuba
80%
Demokratyczna Republika Konga
79%
Pakistan
72%
Papua Nowa Gwinea
71%
Etiopia
66%
Bangladesz
62%
Fidżi
60%
Gwatemala
54%
Wyspy Salomona
49%
Nie znaleziono quizów pasujących do podanych kryteriów
Rozkład punktacji
Procent ludzi z każdym wynikiem
Percentyl według liczby udzielonych odpowiedzi
Twoja historia wyników
Nie rozwiązałeś tego quizu